000 00243nam a2200109Ia 4500
008 230907s9999||||xx |||||||||||||| ||und||
082 _a570
_bSTA
100 _aStarr, Cecie,
_9100099
245 0 _aBiology :
300 _a525 p. :
942 _cBK
999 _c600898
_d600898